00942nas a2200253Ia 4500001001100000003000900011008004100020040001300061040001300074041001200087100004100099210001400140222001400154245011200168250001100280260003100291501008600322300001800408362002400426500014700450650003900597700002300636700002900659R703/49205IT-RoPAU151124c99999999xx |||||||||||| ||und|| aIT-RoPAU cIT-RoPAU aINGLESE aEkman PaulgCodice Aut. SPICS: 19052 aSEMIOTICA aSemiotica aSEMIOTICA, VOL.01-N.1 (1969)bRepertoire Of Nonverbal Behavior (The): Categories, Origins, Usage And Coding a1a ed. aLA HAYEbMOUTON & COc1969 bPaulus - SPICS - Società San Paolo EM (non-commercial uses only)cCopyright2015 a50 p. [49-98] aVOL.01, N.01 (1969) aRepertorio del Comportamento Non Verbale: Sommario della Precedente Ricerca. Uso, Origine e Codificazione dell'Atto Non Verbale. Bibliografia. aSEMIOTICAvPUBBLICAZIONE PERIODICA aFriesen Wallace-V. gCodice Aut. SPICS: 19053